Ligue 1 2024-2025 Top scorers - Statistics

General Stats
  • This quiz has been taken 26 times
  • The average score is 8 of 10
Answer Stats
Goals Nationality Club Player % Correct
21 France Paris Saint-Germain Ousmane Dembélé
100%
16 Canada Lille Jonathan David
95%
21 England Marseille Mason Greenwood
95%
14 France Paris Saint-Germain Bradley Barcola
91%
15 France Lyon Alexandre Lacazette
73%
13 Algeria Rennes/Marseille Amine Gouiri
68%
17 France Rennes Arnaud Kalimuendo
68%
14 Netherlands Strasbourg Emanuel Emegha
59%
13 Denmark Monaco Mika Biereth
59%
13 Dinamarca Brest Ludovic Ajorque
41%
No matching quizzes found
Score Distribution
Percent of People with Each Score
Percentile by Number Answered
Your Score History
You have not taken this quiz